| LEADER |
00671nam0a2200205 450 |
| 001 |
16830518 |
| 010 |
|
|
|a 978-2-5050-7083-2
|b rel.
|d 14,99
|
| 100 |
|
|
|a 20171103d2017 u u0frey01 ba
|
| 101 |
0 |
|
|a fre
|
| 102 |
|
|
|a BE
|
| 200 |
0 |
|
|a The dark prince charming
|f story and art by Marini
|
| 207 |
|
1 |
|a
|
| 210 |
|
|
|a Neuilly
|b 12 Rue Blaise Pascal.
|c Dargaud
|d 2017
|
| 215 |
|
|
|a 1 vol. (non paginé [71] p.)
|c ill. en coul.
|d 33 cm
|
| 225 |
1 |
|
|v book
|
| 461 |
|
0 |
|t Batman
|v 1
|
| 700 |
|
0 |
|a Marini
|f 1969-....
|4 70
|
| 900 |
|
|
|a Bande Dessinée enfant ado
|
| 901 |
|
|
|a Accessible au prêt
|
| 995 |
|
|
|a Bibliothèque
|c Bibliothèque
|f 024019023
|h 024019023
|k BDJ MAR
|o p
|q j
|r az
|e Bibliothèque
|